00709nam a2200241Ia 4500008004100000020002000041050001700061050001400078100001700092245002800109245001600137260001700153260002800170260000900198300001600207300002000223300001100243440001700254500002000271650007000291650006300361650004300424180620s9999 xx 000 0 und d a978-1-118-13071 aREF PL 531.3 b.S28 2013 aSato, Eriko. 0aJapanese for dummies /  0cEriko Sato. aNew Jersey : bJohn Wiley & Sons, Inc. c2013 a382 pages : billustrations ; c24 cm. aFor dummies. aIncludes index. a Japanese language -- Textbooks for foreign speakers -- English.  aJapanese language -- Sound recording for English speakers. xJapanese language -- Spoken Japanese.